000 00398nam a2200145Ia 4500
008 230917s9999||||xx |||||||||||||| ||und||
040 _e80794
_aMAIN
041 _aEnglish
082 _a342.7 G155C
100 _aGanguli, B N
245 0 _aConcept of equality: the 19th century Indian debate
260 _aSimla
_bIndian Institute of Advanced Study
_c1975
300 _avii, 132 p.
942 _cBK
999 _c203607
_d203607